| 000 | 01023nam a22003257a 4500 | ||
|---|---|---|---|
| 003 | CHAP | ||
| 005 | 20220329143751.0 | ||
| 008 | 110729s2002 mx r 00010 spa d | ||
| 010 | _a101660 | ||
| 011 | _a102632 | ||
| 020 | _a9706763104 | ||
| 035 | _a113321 | ||
| 040 | _cCHAP | ||
| 090 |
_aFolleto 17998 _b2002 |
||
| 245 | 0 | 0 | _aResolución de facilidades administrativas en el nuevo regimen simplificado 2002 - 2003 |
| 250 | _a10 ed. | ||
| 260 |
_aMéxico : _bISEF, _c2002 |
||
| 300 | _a26 p. | ||
| 590 |
_aBATCH-UPD _b10 _c20130110 _lUCH01 _h1934 |
||
| 590 |
_aBATCH-UPD _b10 _c20130410 _lUCH01 _h1258 |
||
| 590 |
_aBATCH-UPD _b10 _c20130914 _lUCH01 _h1630 |
||
| 590 |
_aCONVERSION _b10 _c20130109 _lUCH01 _h1356 |
||
| 650 | 1 | 4 |
_aAdministracion publica. _9934 |
| 650 | 1 | 4 |
_aImpuesto sobre la renta _xMéxico _xLeyes. _957493 |
| 650 | 1 | 4 |
_aImpuestos _xMéxico. _957501 |
| 650 | 1 | 4 |
_aLegislación fiscal. _965662 |
| 901 | _aBK | ||
| 942 | _cFOLL | ||
| 949 |
_aFolleto 17998 2002 _bBC _cFOLL _d33724002242941 _eTS1 _i113321 _sb |
||
| 999 |
_c101660 _d101660 |
||